Selected poems

Bewaard in:
Bibliografische gegevens
Hoofdauteur: Arnold, Matthew
Formaat: Boek
Taal:Undetermined
Gepubliceerd in: London MacMillan and Co. 1893
Onderwerpen:
Tags: Voeg label toe
Geen labels, Wees de eerste die dit record labelt!
Thư viện lưu trữ: Trung tâm Học liệu Trường Đại học Cần Thơ
LEADER 00453nam a2200181Ia 4500
001 CTU_91300
008 210402s9999 xx 000 0 und d
082 |a 823 
082 |b A752 
100 |a Arnold, Matthew 
245 0 |a Selected poems 
245 0 |c Matthew Arnold 
260 |a London 
260 |b MacMillan and Co. 
260 |c 1893 
650 |a English literature 
904 |i Truc 
980 |a Trung tâm Học liệu Trường Đại học Cần Thơ